Automatic process control for chemical engineers (Record no. 25223)

000 -LEADER
fixed length control field 00528nam a2200193 4500
001 - CONTROL NUMBER
control field 25223
003 - CONTROL NUMBER IDENTIFIER
control field BD-DhUET
008 - FIXED-LENGTH DATA ELEMENTS--GENERAL INFORMATION
fixed length control field 150304b1956 xxu||||| |||| 00| 0 eng d
040 ## - CATALOGING SOURCE
Original cataloging agency DLC
Transcribing agency DLC
Modifying agency BD-DhUET
082 ## - DEWEY DECIMAL CLASSIFICATION NUMBER
Classification number 660.28
Item number CEA/1956
100 ## - MAIN ENTRY--PERSONAL NAME
Personal name Ceaglaske, Norman H.
245 ## - TITLE STATEMENT
Title Automatic process control for chemical engineers
250 ## - EDITION STATEMENT
Edition statement 1st ed.
260 ## - PUBLICATION, DISTRIBUTION, ETC. (IMPRINT)
Place of publication, distribution, etc. New Delhi
Name of publisher, distributor, etc. Wiley Eastern
Date of publication, distribution, etc. 1956
300 ## - PHYSICAL DESCRIPTION
Extent xiv, 228 p.
Other physical details ill.
Dimensions 23 cm.
504 ## - BIBLIOGRAPHY, ETC. NOTE
Bibliography, etc Includes bibliographies
650 #0 - SUBJECT ADDED ENTRY--TOPICAL TERM
Topical term or geographic name as entry element Chemical engineering
942 ## - ADDED ENTRY ELEMENTS (KOHA)
Koha item type General Book
Holdings
Koha full call number Shelving location Damaged status Date acquired Price effective from Koha date last seen Source of classification or shelving scheme Piece designation (barcode) Copy number Koha item type Withdrawn status Sublocation or collection (holding branch) Lost status Not for loan Koha normalized classification for sorting Location (home branch)
660.28/CEA/1956Circulation section 2015-05-132015-05-132015-05-13 326241General Book Central Library, BUET  660_280000000000000_CEA_1956Central Library, BUET
660.28/CEA/1956Circulation section 2015-05-132015-05-132015-05-13 326232General Book Central Library, BUET  660_280000000000000_CEA_1956Central Library, BUET
660.28/CEA/1956Circulation section 2015-05-132015-05-132015-05-13 326223General Book Central Library, BUET  660_280000000000000_CEA_1956Central Library, BUET
660.28/CEA/1956Circulation section 2015-05-132015-05-132015-05-13 326214General Book Central Library, BUET  660_280000000000000_CEA_1956Central Library, BUET
660.28/CEA/1956Circulation section 2015-05-132015-05-132015-05-13 209285General Book Central Library, BUET  660_280000000000000_CEA_1956Central Library, BUET
660.28/CEA/1956Circulation section 2015-05-132015-05-132015-05-13 373106General Book Central Library, BUET  660_280000000000000_CEA_1956Central Library, BUET
660.28/CEA/1956Circulation section 2015-05-132015-05-132015-05-13 326257General Book Central Library, BUET  660_280000000000000_CEA_1956Central Library, BUET
660.28/CEA/1956Circulation section 2015-05-132015-05-132015-05-13 111458General Book Central Library, BUET  660_280000000000000_CEA_1956Central Library, BUET
660.28/CEA/1956Circulation section 2015-05-132015-05-132015-05-13 111489General Book Central Library, BUET  660_280000000000000_CEA_1956Central Library, BUET
660.28/CEA/1956Circulation section 2015-05-132015-05-132015-05-13 1114410General Book Central Library, BUET  660_280000000000000_CEA_1956Central Library, BUET
660.28/CEA/1956Circulation section 2015-05-132015-05-132015-05-13 1243111General Book Central Library, BUET  660_280000000000000_CEA_1956Central Library, BUET
660.28/CEA/1956Circulation section 2015-05-132015-05-132015-05-13 1015112General Book Central Library, BUET  660_280000000000000_CEA_1956Central Library, BUET